| 000 | 01403cam a22004093a 4500 | ||
|---|---|---|---|
| 001 | 2223 | ||
| 003 | FISKH | ||
| 005 | 20231110140349.0 | ||
| 008 | 050103t20041989nyua j 000 1 eng d | ||
| 010 | _a 2005270167 | ||
| 020 | _a043913384X (pbk.) | ||
| 020 | _a9780142401798 | ||
| 020 | _a014240179X (pbk) | ||
| 035 | _a(OCoLC)ocm56208908 | ||
| 040 |
_aMDK _cMDK _dOCO _dOCLCQ _dOCL _dHHO _dBAKER _dDLC _beng |
||
| 050 | 0 | 0 | _aMLCS 2006/42747 |
| 082 | _a813.54 | ||
| 100 | 1 | _aAdler, David A. | |
| 245 | 1 | 0 |
_aCam Jansen : _bthe mystery of Flight 54 / _cDavid A. Adler ; illustrated by Susanna Natti. |
| 246 | 3 | _aCam Jansen and the mystery of Flight 54 | |
| 246 | 3 | _aCam Jansen and the mystery of Flight fifty-four | |
| 246 | 3 | 0 | _aMystery of Flight 54 |
| 246 | 3 | _aMystery of Flight fifty-four | |
| 250 | _aReissued, 1999, 2004 | ||
| 260 |
_aNew York : _bPuffin Books, _c1989 |
||
| 300 |
_a56 pages : _billustrations ; _c20 cm |
||
| 490 | 1 |
_aCam Jansen adventure ; _vBook 12 |
|
| 505 | _aO | ||
| 520 | _aFifth-grade sleuth Cam Jansen and her friend Eric combine wits to solve the disappearance of a young French girl. | ||
| 521 | 0 |
_a610
_bLexile |
|
| 521 | 0 |
_aO
_bRaz-Plus |
|
| 650 | 1 | _aMystery and detective stories. | |
| 650 | 1 |
_aAirplanes _vFiction. |
|
| 700 | 1 |
_aNatti, Susanna. _eillustrator |
|
| 906 |
_a7 _bcbc _ccopycat _d3 _encip _f20 _gy-gencatlg |
||
| 942 |
_2ddc _cBK _n0 |
||
| 999 |
_c2223 _d2223 |
||